00338nam a2200133 a 4500008004100000050001400041100001800055245005000073246001100123260002800134350000900162650001500171700001800186120416s1979 ||||||||||||||||| || u aHD 31 Gle aGlew, Matthew14aThe business organization and its environment abook 2 aLondonbHeinemannc1979 a0.00 0aMANAGEMENT aWells, Ronald